000 00737nam a2200253Ia 4500
003 OSt
005 20220926014832.0
006 a|||||r|||| 00| 0
007 ta
008 220923b |||||||| |||| 00| 0 eng d
020 _a0853452711
037 _cGeneral Book
040 _aRTL
_cRTL
_beng
041 _2eng
_aeng
082 _aX:54.420k1.N7, L3
100 _aHalliday Jon
_9269879
245 0 _aJapanese imperialism today
_b Co-prosperity in Grea
260 _aNew York
_bMonthly Review Press
_c1973
300 _axviii, 279p.
_ccm.
650 _aTrade
700 _a McCormack Gavan
_923112
942 _hX:54.420k1.N7, L3
_cGB
_2CC
999 _c629973
_d629973